00557nam a2200169Ia 4500008004100000041000800041082002400049100001900073245002500092250001100117260003600128300001500164650002500179700002000204999002100224952014200245260417s2023 xx 000 0 und d aeng a615.58/VYAbDI-1330 aDR.BHAVIN VYAS aPHARMACOTHERAPEUTICS a2ND ed aPUNEb2023bTECH KNOWLEDGE PUB. aP.B.14.17p aPHARMACOTHERAPEUTICS aDR.RUTVI VAIDYA c1220641d1220641 00104070aPCKbPCKd2025-03-31g375.00l1oDI-1330/615.58/VYApPCK-DI-1330q2026-04-22r2026-04-22 00:00:00s2026-04-22w2026-04-17yBK